| 000 | 00622nam a22002057a 4500 | ||
|---|---|---|---|
| 003 | OSt | ||
| 005 | 20190612103259.0 | ||
| 008 | 190612b xxu||||| |||| 00| 0 spa d | ||
| 020 | _a978-857525-932-9 | ||
| 040 | _cBiblioteca Ernesto Sábato | ||
| 092 |
_aD340.1 _bS399 |
||
| 100 | _aSchwarz Viana, Ulisses | ||
| 245 |
_aDireito e justiça em Niklas Luhmann. _b Complexidade e contingência no sistema jurídico |
||
| 260 |
_aPorto Alegre _bSergio Antonio Fabris _c2015 |
||
| 300 | _a336 p | ||
| 650 | _aTEORIA DEL DERECHO | ||
| 650 | _aFILOSOFIA DEL DERECHO | ||
| 650 | _aLUHMANN, NIKLAS-CRITICA | ||
| 942 |
_2ddc _cBDGR |
||
| 999 |
_c33809 _d33809 |
||